000 00228 a2200097 4500
001 47292
100 _aNasution, A
245 _aFundamentals of Fuerrilla Warfare
260 _aLondon
_bPall Mall Press
_c
090 _c30332
_d30332
942 _aNUST-CAE
_cM
_c22595
999 _c282365
_d282365